000 01105nam a22002537a 4500
005 20110810094115.0
008 110810t xxu||||| |||| 00| 0 mar d
010 _aMAR-21216
020 _a8172652844
_c80.00
035 _aMR-13874
037 _bDBAD/PUB
040 _aDPL
_bMR
082 _a891.461
100 _932250
_aपवार,किसन
245 _aओंजळभर पाणी /
_cकिसन पवार
246 _aOnjalbhar Pani
_bby Kisan Pawar
260 _aपुणे
_bस्नेहवर्धन प्रकाशन
_c2008
270 _a863,सदाशिव पेठ,महात्मा फुले सभागृहमागे,
_bपुणे
_e411030
300 1 _a87पृ.
_c22सेमी(अजिल्द)
650 _932260
_aमराठी कवितासंग्रह
650 _aMarathi Poetry
_932291
942 _2ddc
_cMR
_h891.461
_mपवार
999 _c55184
_d55184